Southville International School and Colleges
Your cart is empty.
  • Cart
  • Lists
    Public lists Eva Luna New books Lux_list list_1
    Your lists Log in to create your own lists
  • Log in to your account
  • Your cookies
  • Search history
Southville International School and Colleges
  • Advanced search
  • Recent comments
  • Most popular
  • Libraries

Log in to your account

Log in with GOOGLE


If you do not have an external account, but do have a local account, you can still log in:

  1. Home
  2. MARC view: The art of styling sentences:
Normal view MARC view ISBD view

The art of styling sentences: (Record no. 287998)

[ view plain ]
MARC details
000 -LEADER
fixed length control field 00498nam a2200157Ia 4500
008 - FIXED-LENGTH DATA ELEMENTS--GENERAL INFORMATION
fixed length control field 150610s9999 xx 000 0 und d
020 ## - INTERNATIONAL STANDARD BOOK NUMBER
International Standard Book Number 0 764121812
050 ## - LIBRARY OF CONGRESS CALL NUMBER
Classification number PE144
Item number .L57 2002
100 ## - MAIN ENTRY--PERSONAL NAME
Personal name Longknife, Ann
245 #4 - TITLE STATEMENT
Title The art of styling sentences:
Remainder of title 20 patterns for success /
Statement of responsibility, etc ann Longknife.
260 ## - PUBLICATION, DISTRIBUTION, ETC. (IMPRINT)
Place of publication, distribution, etc New York :
Name of publisher, distributor, etc Barrons Educational Series Inc.,
Date of publication, distribution, etc 2002.
300 ## - PHYSICAL DESCRIPTION
Extent 158pages ;
Dimensions 23 cm.
504 ## - BIBLIOGRAPHY, ETC. NOTE
Bibliography, etc Includes index.
520 ## - SUMMARY, ETC.
Summary, etc Sentences.
650 ## - SUBJECT ADDED ENTRY--TOPICAL TERM
Topical term or geographic name as entry element English language
General subdivision Rhetoric.
Holdings
Withdrawn status Lost status Damaged status Home library Current library Shelving location Date acquired Total Checkouts Full call number Barcode Date last seen Price effective from Koha item type
      Stonyhurst Southville International School (Batangas) Stonyhurst Southville International School (Batangas) High School Section 06/10/2015   PE1441 .L57 2002 US-0449 06/10/2015 06/10/2015 Books

The art of styling sentences:

APA

Longknife A., . (2002). The art of styling sentences. New York: Barrons Educational Series Inc.

Chicago

Longknife Ann, . 2002. The art of styling sentences. New York: Barrons Educational Series Inc.

Harvard

Longknife A., . (2002). The art of styling sentences. New York: Barrons Educational Series Inc.

MLA

Longknife Ann, . The art of styling sentences. New York: Barrons Educational Series Inc. 2002.

  • Place hold
  • Print
  • Cite
  • Add to your cart (remove)
  • Save record
    BIBTEX Dublin Core MARCXML MARC (non-Unicode/MARC-8) MARC (Unicode/UTF-8) MARC (Unicode/UTF-8, Standard) MODS (XML) RIS
  • More searches
    Search for this title in:
    Other Libraries (WorldCat) Other Databases (Google Scholar) Online Stores (Bookfinder.com) Open Library (openlibrary.org)

Exporting to Dublin Core...

SOUTHVILLE LIBRARY

Southville International School and Colleges Library

1281 Tropical Ave. Cor. Luxembourg St., BF Homes International, Las Pinas City

Tel. No. 8256374 / 252358 Loc. 117/146

Powered by Koha